LIBRARY & INFORMATION CENTRE, KCAET, TAVANUR

ONLINE PUBLIC ACCESS CATALOGUE (OPAC)

Chuvappu padarnna noottandu / (Record no. 18109)

MARC details
000 -LEADER
fixed length control field 00444nam a2200181 4500
003 - CONTROL NUMBER IDENTIFIER
control field OSt
008 - FIXED-LENGTH DATA ELEMENTS--GENERAL INFORMATION
fixed length control field 241004b |||||||| |||| 00| 0 eng d
020 ## - INTERNATIONAL STANDARD BOOK NUMBER
ISBN 9789393468895
041 ## - LANGUAGE CODE
Language code of text/sound track or separate title eng
082 ## - DEWEY DECIMAL CLASSIFICATION NUMBER
Classification number 320.53
Item number RAJ/CH
100 ## - MAIN ENTRY--AUTHOR NAME
Personal name Rajeev, P.
245 ## - TITLE STATEMENT
Title Chuvappu padarnna noottandu /
250 ## - EDITION STATEMENT
Edition statement 2nd ed.
260 ## - PUBLICATION, DISTRIBUTION, ETC. (IMPRINT)
Place of publication Thiruvananthapuram :
Name of publisher Chintha Publishers,
Year of publication 2023.
300 ## - PHYSICAL DESCRIPTION
Number of Pages 88p.
650 ## - SUBJECT ADDED ENTRY--TOPICAL TERM
Topical Term Politics
942 ## - ADDED ENTRY ELEMENTS (KOHA)
Koha item type Books
Holdings
Withdrawn status Lost status Damaged status Home library Current library Date acquired Source of acquisition Cost, normal purchase price Full call number Accession Number Koha item type
      KAUAET KAUAET 04/10/2024 Donated by KT Jaleel MLA 140.00 320.53 RAJ/CH 26251 Books
free website counter